000 00926nam a22002297a 4500
999 _c22589
_d22589
003 AR-CdUCM
008 190425b ||||| |||| 00| 0 spa d
020 _a9788494884818
040 _aMUNICIPALIDAD PROVINCIAL DEL CUSCO
_cBIBLIOTECA MUNICIPAL DEL CUSCO
082 _aSI/398.21/Z98
_bZ98
100 _aZwigtman, Floortje
_948587
245 _aCriaturas fantásticas :
_bsobre dragones, unicornios, grifos y otros seres mitológicos /
_cFloortje Zwigtman ; con ilustraciones de Ludwig Volbeda ; traducción, Mariona Vilalta
260 _aBarcelona :
_bLibros del Zorro Rojo,
_c2018.
300 _a91, [1] páginas :
_bilustraciones en color ;
_c38 cm
650 _aAnimales mitológicos
_948588
650 _aLiteratura juvenil
_91580
650 _aMonstruos en la mitología
_948589
700 _aVolbeda, Ludwig
_eilustrador
_948590
700 _aVilalta, Mariona
_etraductor
_948591
942 _2ddc
_cLIBROS
945 _arac